The Oxford handbook of the sociology of religion / (Record no. 37724)
[ view plain ]
| 000 -LEADER | |
|---|---|
| fixed length control field | 00997nam a2200301 a 4500 |
| 001 - CONTROL NUMBER | |
| control field | 37724 |
| 003 - CONTROL NUMBER IDENTIFIER | |
| rucl marc code | BD-RjUL |
| 005 - DATE AND TIME OF LATEST TRANSACTION | |
| control field | 20211209052636.0 |
| 008 - FIXED-LENGTH DATA ELEMENTS--GENERAL INFORMATION | |
| fixed length control field | 150325s2011 enk b 001 0 eng d |
| 020 ## - INTERNATIONAL STANDARD BOOK NUMBER | |
| International Standard Book Number | 9780199279791 (hbk.) |
| International Standard Book Number | 0199279799 (hbk.) |
| International Standard Book Number | 9780199588961 (pbk.) : |
| 035 ## - SYSTEM CONTROL NUMBER | |
| System control number | (OCoLC)ocn229023757 |
| System control number | (UkLCURL)99014691081 |
| -- | (BD-RjUL)37828 |
| 040 ## - CATALOGING SOURCE | |
| Original cataloging agency | StDuBDS |
| Language of cataloging | eng |
| Transcribing agency | StDuBDS |
| Modifying agency | BD-RjUL |
| 041 ## - LANGUAGE CODE | |
| Language code of text/sound track or separate title | eng |
| 082 04 - DEWEY DECIMAL CLASSIFICATION NUMBER | |
| Classification number | 306.6 |
| Edition number | 23 |
| Author mark and year | OXF 2011 |
| 245 04 - TITLE STATEMENT | |
| Title | The Oxford handbook of the sociology of religion / |
| Statement of responsibility, etc. | edited by Peter B. Clarke. |
| 260 ## - PUBLICATION, DISTRIBUTION, ETC. (IMPRINT) | |
| Place of publication, distribution, etc. | Oxford ; |
| -- | New York : |
| Name of publisher, distributor, etc. | Oxford University Press, |
| Date of publication, distribution, etc. | 2011. |
| 300 ## - PHYSICAL DESCRIPTION | |
| Pagination | xvi, 1046 p. ; |
| Size | 25 cm. |
| 490 1# - SERIES STATEMENT | |
| Series statement | The Oxford handbooks series |
| 504 ## - BIBLIOGRAPHY, ETC. NOTE | |
| Bibliography, etc | Includes bibliographical references and index. |
| 650 #0 - SUBJECT ADDED ENTRY--TOPICAL TERM | |
| Topical term or geographic name as entry element | Religion and sociology. |
| 9 (RLIN) | 116415 |
| 700 1# - ADDED ENTRY--PERSONAL NAME | |
| Personal name | Clarke, Peter B. |
| Fuller form of name | (Peter Bernard), ed. |
| 830 #0 - SERIES ADDED ENTRY--UNIFORM TITLE | |
| Uniform title | Oxford handbooks. |
| 942 ## - ADDED ENTRY ELEMENTS (KOHA) | |
| Source of classification or shelving scheme | Dewey Decimal Classification |
| Koha item type | Books |
| Lost status | Source of classification or shelving scheme | Damaged status | Not for loan | Collection code | Permanent Location | Current Location | Shelving location | Date acquired | Source of acquisition | Cost, normal purchase price | Total Checkouts | Full call number | Date last seen | Copy number | Koha item type |
|---|---|---|---|---|---|---|---|---|---|---|---|---|---|---|---|
| Dewey Decimal Classification | Not For Loan | Non-fiction | Central Library, University of Rajshahi | Central Library, University of Rajshahi | Reading Room | 08/07/2013 | Paragoan Enterprises ltd., Dhaka | 3340.00 | 306.6 OXF 2011 | 25/03/2015 | C-1 | Books |